| 000 | 00470nam a2200181 a 4500 | ||
|---|---|---|---|
| 001 | 000966037 | ||
| 003 | AM-YeHGA | ||
| 005 | 20250617150035.0 | ||
| 008 | 130603s1933 ||| r 000 0 rus d | ||
| 040 | _aAM-YeHGA | ||
| 041 | 0 | _arus | |
| 100 | 1 | _aСавин, Лев | |
| 245 | 1 | 0 |
_aНафта / _cЛев Савин. |
| 260 |
_aМосква : _bСов. лит., _c1933. |
||
| 300 | _a639 с. | ||
| 653 | 0 | _aСоветская литература | |
| 090 | _c325086 | ||
| 999 |
_c323342 _d323342 |
||